Je to česká řeka? - Statistics

General Stats
  • This quiz has been taken 783 times
  • The average score is 13 of 34
Answers on the Grid
Answers color-coded by a green-red scale on the quiz's grid according to % correct below.
Berounka
Bílina
Blanice
Boubínka
Chrudimka
Cidlina
Divoká Orlice
Doubrava
Dráva
Dunaj
Dyje
Elsa
Emže
Fulda
Jihlava
Jizera
Kyjovka
Labe
Lena
Lesnice
Litava
Lužnice
Malše
Mechá
Morava
Moravice
Mže
Neratovka
Něva
Obice
Odra
Ohře
Opava
Oslava
Otava
Ovčáčka
Ploučnice
Rába
Radbuza
Rokytná
Roubavka
Rozkoš
Sála
Šance
Sázava
Slaná
Střela
Svitava
Svratka
Tibera
Tichá Orlice
Tisa
Úhlava
Unhošťka
Úslava
Vezera
Vltava
Volha
Votice
Želivka
 
Answer Stats
Answer % Correct
Vltava
57%
Jizera
49%
Ohře
49%
Opava
49%
Labe
48%
Odra
48%
Berounka
47%
Morava
47%
Sázava
47%
Svitava
45%
Svratka
45%
Chrudimka
43%
Jihlava
43%
Lužnice
43%
Cidlina
42%
Úslava
42%
Tichá Orlice
41%
Dyje
40%
Mže
40%
Radbuza
40%
Úhlava
40%
Otava
38%
Malše
37%
Želivka
37%
Ploučnice
36%
Oslava
35%
Divoká Orlice
34%
Doubrava
30%
Bílina
28%
Blanice
28%
Moravice
27%
Střela
27%
Rokytná
19%
Kyjovka
15%
No matching quizzes found
Score Distribution
Percent of People with Each Score
Percentile by Number Answered
Your Score History
You have not taken this quiz